Dividing reality / (Record no. 15355)

000 -LEADER
fixed length control field 00961cam a2200253 a 4500
001 - CONTROL NUMBER
control field 2505670
005 - DATE AND TIME OF LATEST TRANSACTION
control field 20170105102916.0
008 - FIXED-LENGTH DATA ELEMENTS--GENERAL INFORMATION
fixed length control field 920918s1993 nyua b 001 0 eng
010 ## - LIBRARY OF CONGRESS CONTROL NUMBER
LC control number 92036251
020 ## - INTERNATIONAL STANDARD BOOK NUMBER
International Standard Book Number 0195057546 (acidfree paper) :
Terms of availability $45.00
040 ## - CATALOGING SOURCE
Original cataloging agency DLC
Transcribing agency DLC
Modifying agency DLC
050 00 - LIBRARY OF CONGRESS CALL NUMBER
Classification number BD390
Item number .H57 1993
082 00 - DEWEY DECIMAL CLASSIFICATION NUMBER
Classification number 111
Edition number 20
100 1# - MAIN ENTRY--PERSONAL NAME
Personal name Hirsch, Eli,
Dates associated with a name 1938-
245 10 - TITLE STATEMENT
Title Dividing reality /
Statement of responsibility, etc. Eli Hirsch.
260 ## - PUBLICATION, DISTRIBUTION, ETC.
Place of publication, distribution, etc. New York :
Name of publisher, distributor, etc. Oxford University Press,
Date of publication, distribution, etc. 1993.
300 ## - PHYSICAL DESCRIPTION
Extent xv, 247 p. :
Other physical details ill. ;
Dimensions 24 cm.
504 ## - BIBLIOGRAPHY, ETC. NOTE
Bibliography, etc. note Includes bibliographical references (p. 236-239) and index.
650 #0 - SUBJECT ADDED ENTRY--TOPICAL TERM
Topical term or geographic name entry element Division (Philosophy)
856 42 - ELECTRONIC LOCATION AND ACCESS
Materials specified Publisher description
Uniform Resource Identifier <a href="http://www.loc.gov/catdir/enhancements/fy0604/92036251-d.html">http://www.loc.gov/catdir/enhancements/fy0604/92036251-d.html</a>
906 ## - LOCAL DATA ELEMENT F, LDF (RLIN)
a 7
b cbc
c orignew
d 1
e ocip
f 19
g y-gencatlg
942 ## - ADDED ENTRY ELEMENTS (KOHA)
Source of classification or shelving scheme
Koha item type Book
Holdings
Withdrawn status Lost status Damaged status Not for loan Collection code Permanent Location Current Location Shelving location Date acquired Total Checkouts Full call number Barcode Date last seen Price effective from Koha item type
          Centre for International Peace & Stability (CIPS) Centre for International Peace & Stability (CIPS) General Stacks 10/02/2013   111 HIR 1993 CIPS0002425 11/27/2013 11/27/2013 Book
© 2023 Central Library, National University of Sciences and Technology. All Rights Reserved.